Fr. Conceicao Rodrigues College of Engineering

Solar photovoltaics: Fundamentals technologies and applications (Record no. 20273)

MARC details
000 -LEADER
fixed length control field 00402nam a2200181Ia 4500
082 ## - DEWEY DECIMAL CLASSIFICATION NUMBER
Classification number 621.471
Item number SOL
100 ## - MAIN ENTRY--PERSONAL NAME
Personal name solanki/Chetan Singh
250 ## - EDITION STATEMENT
Edition statement 3
245 ## - TITLE STATEMENT
Title Solar photovoltaics: Fundamentals technologies and applications
260 ## - PUBLICATION, DISTRIBUTION, ETC.
Name of publisher, distributor, etc. prentice hall
Date of publication, distribution, etc. 2022
366 ## - TRADE AVAILABILITY INFORMATION
Publishers's discount category 25
300 ## - PHYSICAL DESCRIPTION
Extent 506
546 ## - LANGUAGE NOTE
Language note ENGLISH
650 ## - SUBJECT ADDED ENTRY--TOPICAL TERM
Topical term or geographic name entry element Solar
654 ## - SUBJECT ADDED ENTRY--FACETED TOPICAL TERMS
Focus term bitcoin
942 ## - ADDED ENTRY ELEMENTS (KOHA)
Koha item type BOOK
Holdings
Withdrawn status Lost status Damaged status Not for loan Collection Home library Current library Date acquired Source of acquisition Cost, normal purchase price Inventory number Total Checkouts Full call number Barcode Date last seen Date last checked out Cost, replacement price Price effective from Koha item type
        CRC Fr. Agnel's C.Rodrigues College of Engineering Fr. Agnel's C.Rodrigues College of Engineering 17/03/2023 Allied Publishers 521.25 349 dt 18.08.2022 1 621.471 SOL 25964 28/11/2024 10/07/2024 695.00   BOOK
        CRC Fr. Agnel's C.Rodrigues College of Engineering Fr. Agnel's C.Rodrigues College of Engineering 17/03/2023 Allied Publishers 521.25     5.76 ANT 25965 17/03/2023   695.00   BOOK
        CRC Fr. Agnel's C.Rodrigues College of Engineering Fr. Agnel's C.Rodrigues College of Engineering 17/03/2023 Allied Publishers 521.25 349 dt 18.08.2022   25966 17/03/2023   695.00   BOOK